000 00610cam a2200217 a 4500
001 000017363
005 20200929165107.0
008 970716s1968 it 000 0 ita d
040 _aDO-SdBNP
_bita
_cLC
_dBNPHU
050 0 0 _aPQ4805.R63
_bS8 1994
082 _ann*
_bA772s, 1968
100 1 _aArpino, Giovanni,
_d1927-1987.
_94321
245 1 3 _aLa suora giovane /
_cGiovanni Arpino.
250 _a9a ed.
260 _aTorino :
_bGiulio Einaudi,
_c1968.
300 _a139 p. ;
_c19 cm.
490 1 _aI Coralli,
_v107
830 0 _aI Coralli,
_v107
_938021
910 _aCatalogación derivada
049 _aBNGR
999 _c16888
_d16888